| 000 | 00384nam a22001577a 4500 | ||
|---|---|---|---|
| 003 | OSt | ||
| 005 | 20230717081330.0 | ||
| 008 | 230717b xxu||||| |||| 00| 0 eng d | ||
| 040 | _cDLC | ||
| 082 |
_a364 _bMUS |
||
| 100 | _cTibamanya mwene Mushanga | ||
| 245 |
_aCrime and Deviance _bAn Introduction to Criminology |
||
| 260 |
_aNairobi _bKLB _c1988 |
||
| 300 | _a246p | ||
| 942 |
_2ddc _cBK |
||
| 999 |
_c3964 _d3964 |
||